Word Ladder: Baseball Legends Quiz Stats

 Plays Quiz Updated Jan 13, 2013

Support Sporcle.
Go Orange.
Score 0/19 Timer 02:00
0 Plays Today
Hint 4-Letter Word % Correct
'The Bambino' - Babe{~}RUTH{~}
91.9%
'Charlie Hustle' - Pete{~}ROSE{~}
89.1%
Competitor to PepsiCOKE
88.8%
'O, ___ All Ye Faithful'COME
88.6%
Stand for a picturePOSE
87%
'Say Hey Kid' - Willie{~}MAYS{~}
85.6%
Knock-knock, e.g.JOKE
85.2%
Tampa Bay's MLB TeamRAYS
84.4%
Press against with forcePUSH
84.2%
Canseco of baseball fameJOSÉ
81.7%
Hint 4-Letter Word % Correct
Large church serviceMASS
81.6%
Hair straightening toolCOMB
81%
'Tom Sawyer' rock bandRUSH
79.7%
Elegant and stylishPOSH
78%
'The Georgia Peach' - Ty{~}COBB{~}
77.9%
It grows best in a shady placeMOSS
77.2%
Grooves in the roadRUTS
74.5%
Tattles onRATS
73.1%
'The Maestro of Twirlology' - Addie{~}JOSS{~}
65.8%

Today's Daily Dose

Missing Word
50 Cent Songs

Word Ladder
Close Gunshot

Quick Pick
Pop Punk Bands

Get the Picture
An 'S' in Disney

From the Vault

Finish the Album

by LTH

Music 5m
When in doubt, just start combining names of other titles and see what happens.
Remove Ads.
Support Sporcle.
Get the best of Sporcle when you Go Orange. This ad-free experience offers more features, more stats, and more fun while also helping to support Sporcle. Thank you for becoming a member.

Show Comments

Extras

Top Quizzes Today


Score Distribution

Your Account Isn't Verified!

In order to create a playlist on Sporcle, you need to verify the email address you used during registration. Go to your Sporcle Settings to finish the process.

Report this User

Report this user for behavior that violates our Community Guidelines.

Details: